Melodies to remember / (Record no. 45262)

MARC details
000 -LEADER
fixed length control field 01165njm a22002777a 4500
005 - DATE AND TIME OF LATEST TRANSACTION
control field 20100913100925.0
007 - PHYSICAL DESCRIPTION FIXED FIELD--GENERAL INFORMATION
fixed length control field sd ammalaaahaa
008 - FIXED-LENGTH DATA ELEMENTS--GENERAL INFORMATION
fixed length control field 100830t xxu||||| |||| 00| 0 eng d
028 ## - PUBLISHER NUMBER
Publisher number 3AEX.5205
Source Odeon
035 ## - SYSTEM CONTROL NUMBER
System control number GR-02046
040 ## - CATALOGING SOURCE
Original cataloging agency SED
Transcribing agency SED
100 ## - MAIN ENTRY--PERSONAL NAME
Personal name Kishore Kumar
9 (RLIN) 19323
245 ## - TITLE STATEMENT
Title Melodies to remember /
Statement of responsibility, etc by Kishore Kumar ; Lyric by Shailendra
Medium [sound recording]:
Remainder of title hindustani
246 ## - VARYING FORM OF TITLE
Title proper/short title मेलोड़ेस तो रेमेम्बेर (किशोरे कुमार)
260 ## - PUBLICATION, DISTRIBUTION, ETC. (IMPRINT)
Place of publication, distribution, etc Dum Dum, India:
Name of publisher, distributor, etc Odeon
Date of publication, distribution, etc 1968
300 ## - PHYSICAL DESCRIPTION
Extent 1 sound disc [GramphoneRecording]:
Other physical details analog,45 rpm
Dimensions 12 in.(SP)
Type of unit Gramphones Records
500 ## - GENERAL NOTE
General note Brief Record
500 ## - GENERAL NOTE
General note Odeon
500 ## - GENERAL NOTE
General note black
505 ## - FORMATTED CONTENTS NOTE
Formatted contents note Side1 Main hun jhumroo (jhumroo)(मैं हूँ झुमरू) (झुमरू), Side-2 Nakhare wali (new delhi) (नखरे वाली) (न्यू डेल्ही)
650 ## - SUBJECT ADDED ENTRY--TOPICAL TERM
General subdivision Excerpts
Geographic subdivision India
9 (RLIN) 17446
Topical term or geographic name as entry element Motion picture music
Form subdivision filmi song
700 ## - ADDED ENTRY--PERSONAL NAME
Personal name Shailendra
9 (RLIN) 19469
700 ## - ADDED ENTRY--PERSONAL NAME
9 (RLIN) 19523
942 ## - ADDED ENTRY ELEMENTS (KOHA)
Source of classification or shelving scheme Dewey Decimal Classification
Item type Gramaphone Records
Holdings
Withdrawn status Lost status Source of classification or shelving scheme Damaged status Not for loan Home library Current library Date acquired Source of acquisition Total Checkouts Barcode Date last seen Copy number Price effective from Koha item type
    Dewey Decimal Classification   Not For Loan Central Library Central Library 13/09/2010 SED/VEN   GR-02046 13/09/2010 1 13/09/2010 Gramaphone Records

© Delhi Public Library
Hit Counter
free hit counter